000 00860cab a2200241 4500
001 WB2619-28
008 090401t1990 xxu||||| |||| 00| 0 eng d
035 _a(Sirsi) u57577
041 _aeng
245 _aDurham to get Europe`s first green scheme
260 _c1990
350 _a0
490 _aChartered Surveyor Weekly
_vvol 31 no 7 17/5/90 p6
520 _aPlans are announced to make the 635-acre Consett Steelworks site in County Durham Europe`s first truly green mixed use scheme. The former steelworks site is to be redeveloped with low energy buildings and given its own power-source.
650 _aENERGY EFFICIENCY
650 _aHALIFAX BS
650 _aLOVELL GROUP
650 _aNATIONWIDE ANGLIA BS
650 _aPARTNERSHIP RENEWAL OF THE BUILT ENVIRONMENT
690 _aEnvironment
_96238
942 _n0
948 _c04/03/1997
999 _c35125
_d35125